|
|
|
|
| LEADER |
00000naa2a2200000 4500 |
| 001 |
582061 |
| 005 |
20231102022102.0 |
| 035 |
|
|
|a (RuTPU)RU\TPU\prd\282266
|
| 035 |
|
|
|a RU\TPU\tpu\3792
|
| 090 |
|
|
|a 582061
|
| 100 |
|
|
|a 20181224d1961 k y0rusy50 ca
|
| 101 |
0 |
|
|a rus
|
| 102 |
|
|
|a RU
|
| 200 |
1 |
|
|a Теплопередача трубчатых ребристых поверхностей при продольном обтекании труб
|f Н. Н. Норкин, И. П. Чащин
|
| 461 |
|
|
|0 (RuTPU)RU\TPU\prd\192
|t Известия вузов. Химия и химическая технология
|d 1958-
|
| 463 |
|
|
|0 (RuTPU)RU\TPU\prd\20784
|t Т. 4, № 3
|v С. 518-519
|d 1961
|
| 610 |
1 |
|
|a теплопередача
|
| 610 |
1 |
|
|a ребристые покрытия
|
| 610 |
1 |
|
|a труды учёных ТПУ
|
| 700 |
|
1 |
|a Норкин
|b Н. Н.
|c зав. каф. химической аппаратуры ТПИ (с 1938)
|c выпускник СХТИ 1931 г.
|f 1902-?
|g Николай Николаевич
|2 stltpush
|3 (RuTPU)RU\TPU\pers\26754
|9 12397
|
| 701 |
|
1 |
|a Чащин
|b И. П.
|
| 801 |
|
0 |
|a RU
|b 63413507
|c 20011210
|g PSBO
|
| 801 |
|
2 |
|a RU
|b 63413507
|c 20181224
|g PSBO
|
| 942 |
|
|
|c BK
|